Odvaha prináša úspech

Značka Avon valcuje ostatné kozmetické značky na trhu. Drží sa na popredných miestach vo viacerých kozmetických kategóriách. Priamy predaj výrobkov značky Avon.

Gespeichert in:
Bibliographische Detailangaben
1. Verfasser: Hinková-Dibarborová, Andrea
Format: Buchkapitel
Sprache:Slowakisch
Schlagworte:
Tags: Tag hinzufügen
Keine Tags, Fügen Sie das erste Tag hinzu!

MARC

LEADER 00000naa$a2200000$$$4500
001 0027070
005 20231107125737.3
041 0 |a slo 
044 |a SK 
245 1 0 |a Odvaha prináša úspech  |c Andrea Hinková-Dibarborová 
520 |a Značka Avon valcuje ostatné kozmetické značky na trhu. Drží sa na popredných miestach vo viacerých kozmetických kategóriách. Priamy predaj výrobkov značky Avon. 
610 2 0 |a kozmetika 
610 2 0 |a výrobky 
610 2 0 |a trh 
610 2 0 |a zákazníci 
610 2 0 |a značky výrobkov 
610 2 0 |a predaj priamy 
100 1 |a Hinková-Dibarborová, Andrea